Ovos nevados (Record no. 17532)

MARC details
000 -LÍDER
campo de controle de tamanho fixo 00337 a2200157 4500
001 - NÚMERO DE CONTROLE
campo de controle 17532
020 ## - ISBN - INTERNATIONAL STANDARD BOOK NUMBER
ISBN - International Standard Book Number 9788572081771
040 ## - FONTE DA CATALOGAÇÃO
Instituição que transcreveu o registro Anchieta - Bela Vista
100 ## - ENTRADA PRINCIPAL--NOME PESSOAL
Nome pessoal Orthof, Sylvia
240 10 - TÍTULO UNIFORME
Título uniforme Ovos nevados
Idioma da obra por
245 10 - TÍTULO
Título Ovos nevados
300 ## - DESCRIÇÃO FÍSICA
Extensão 20
362 0# - DATAS DE PUBLICAÇÃO E/OU DESIGNAÇÃO SEQUENCIAL
Datas de publicação e/ou designação sequencial 2014
650 #4 - ASSUNTO--TERMO TÓPICO
Cabeçalho tópico ou nome geográfico Literatura infanto-juvenil
942 ## - ELEMENTOS DE ENTRADA ADICIONADOS (KOHA)
Tipo de material Koha Livros
Holdings
Situação do descarte Situação das perdas Situação física Não pode ser emprestado Biblioteca de origem Biblioteca atual Data de aquisição Total de empréstimos Número de chamada completo Código de barras Data de último acesso Data do preço efetivo Tipo de material Koha
        Colégio Anchieta - Bela Vista Colégio Anchieta - Bela Vista 21/11/2023   028.5 O77o ORT OVO 3391/BEL 21/11/2023 21/11/2023 Livros
        Colégio São Paulo Colégio São Paulo 21/11/2023   028.5 ORT OVO 5043/ITA 21/11/2023 21/11/2023 Livros
        Leonardo Da Vinci - Alphaville 2 Leonardo Da Vinci - Alphaville 2 27/03/2024   028.5 O88o 2A1119 27/03/2024 27/03/2024 Livros